Estudio del sistema de modulación por pulsos codificados. PCM. Determinación del ancho de banda de una línea de transmisión

Bewaard in:
Bibliografische gegevens
Hoofdauteur: Buck Rieger, Max Enrique
Andere auteurs: Córdoba Foglia, Rafael
Formaat: Boek
Gepubliceerd in: [San José , Costa Rica] 1974
Tags: Voeg label toe
Geen labels, Wees de eerste die dit record labelt!

MARC

LEADER 00000nam a2200000Ia 4500
003 PIE026
005 20221231143848.0
008 140116s1974 cr a m 000 ||s d
040 |c cru CEDI 
090 |a PIE 26 
100 |a Buck Rieger, Max Enrique  |9 18298 
245 |a Estudio del sistema de modulación por pulsos codificados. PCM. Determinación del ancho de banda de una línea de transmisión 
260 |c 1974  |a [San José , Costa Rica] 
300 |a 90 hojas ;ilustraciones  
500 |a A la cabeza de la portada. Universidad de Costa Rica. Facultad de Ingeniería. Departamento de Ingeniería Eléctrica y Mecánica Proyecto Eléctrico. 
700 |9 18299  |a Córdoba Foglia, Rafael  
942 |c PIE 
999 |c 13408  |d 13408